|
|
|
|
| LEADER |
00000nab a2200000uu 4500 |
| 001 |
vtls010897629 |
| 003 |
SK-MaSNL |
| 005 |
20260303130732.0 |
| 008 |
230218|1976 xo |||||||||||||||||eng| |
| 015 |
|
|
|a SNBRB
|
| 035 |
|
|
|a (urnnbn)urn:nbn:sk:snk:ar-006nbi
|
| 035 |
|
|
|a (uuid)cc845e02-9f24-4305-a193-b5212a7c1f51
|
| 035 |
|
|
|a urn:nbn:sk:snk-ab8q0b
|
| 040 |
|
|
|a SNKBUCL
|b slo
|c SNKBUCL
|e AACR2
|
| 041 |
0 |
|
|a eng
|
| 044 |
|
|
|a xo
|c SK
|
| 100 |
1 |
|
|a Sétáló, G.
|4 aut
|9 1146205
|
| 245 |
1 |
0 |
|a Functional Differentiation of the Fetal Anterior Pituitary Cells in the Rat
|c G. Sétáló, P. K. Nakane
|
| 700 |
1 |
|
|a P. K. NAKANE
|4 aut
|9 1146631
|
| 773 |
0 |
|
|t Endocrinologia experimentalis
|g Roč. 10, č. 3 (1976), s. 155-166
|
| 958 |
|
|
|a OND
|
| 958 |
|
|
|a EUIPO
|
| 958 |
|
|
|a article10
|
| 999 |
|
|
|c 1941702
|d 1943632
|